[Event "It (open)"]
[Site "masterchessopenings.com Trevias (Spain)"]
[Round "4"]
[White "Vega Viejo Marcelino (ESP)"]
[Black "Pilgaard Kim (DEN)"]
[Result "0-1"]
[WhiteElo "2218"]
[BlackElo "2437"]

1.d4 Nf6 2.c4 e6 3.Nc3 Bb4 4.e3 O-O 5.Nf3 c5 6.Be2 b6 7.O-O Bb7 8.Qc2 d5
9.dxc5 Bxc5 10.Rd1 Nc6 11.a3 a5 12.cxd5 exd5 13.Nb5 Rc8 14.Qa4 Qe7 15.Nbd4 Ne4
16.Bd2 f5 17.Bb5 Ne5 18.g3 Bxd4 19.Nxd4 Nc4 20.Bc1 Kh8 21.Qb3 Qf6 22.Qd3 Qg6
23.Qe2 Ne5 24.Bd2 Nd6 25.Bd3 Nec4 26.Bc3 Ne4 27.Be1 Rce8 28.b3 Ne5 29.Bb5 Re7
30.Rac1 f4 31.exf4 Rxf4 32.Ba6 Bxa6 33.Qxa6 Rf8 34.Rc8 Ree8 35.Rdc1 Nc5
36.Rxe8 Rxe8 37.Qf1 Qh6 38.Rd1 Qh5 39.f3 Nxb3 40.Kg2 {#R} 0-1

[Event "It (open) (b)"]
[Site "masterchessopenings.com Bergen (Norway)"]
[Date "2007.08.10"]
[Round "6"]
[White "Hoel Juergen"]
[Black "Stensholt Sigvat"]
[Result "0-1"]
[WhiteElo "1177"]
[BlackElo "1219"]

1.d4 e6 2.Nf3 Nf6 3.c4 Bb4+ 4.Nc3 c5 5.e3 O-O 6.Be2 Ne4 7.Bd2 Bxc3 8.Bxc3 b6
9.O-O Nxc3 10.bxc3 Bb7 11.Rb1 Be4 12.Bd3 Bxd3 13.Qxd3 d5 14.cxd5 Qxd5 15.c4
Qd6 16.Rfd1 cxd4 17.exd4 Nc6 18.Rb5 f6 19.Rh5 g6 20.Rh6 Rf7 21.Rh4 Rd8 22.Re4
e5 23.d5 f5 24.Re3 e4 25.Qb1 exf3 26.Re6 Qb4 27.Rxc6 Qxb1 28.Rxb1 fxg2 29.Kxg2
Re7 30.Rd1 Kf7 31.d6 Red7 32.Rc7 Ke6 33.Kf3 Rxc7 34.dxc7 Rc8 35.Re1+ Kf6
36.Rd1 Rxc7 37.Rd4 g5 38.Ke3 Ke6 39.f4 h6 40.h3 Rd7 41.Rxd7 Kxd7 42.fxg5 hxg5
43.a3 Kd6 44.a4 a6 45.Kd3 Kc5 {#R} 0-1

[Event "It (open) (b)"]
[Site "masterchessopenings.com Dortmund (Germany)"]
[Date "2011.07.24"]
[Round "2"]
[White "Vestrick Frank"]
[Black "Bonath Michael (GER)"]
[Result "1-0"]
[WhiteElo "1621"]
[BlackElo "1917"]

1.d4 Nf6 2.c4 e6 3.Nc3 Bb4 4.Nf3 c5 5.e3 O-O 6.Bd3 b6 7.O-O cxd4 8.exd4 Bxc3
9.bxc3 Bb7 10.Bg5 h6 11.Bh4 d6 12.Re1 Nbd7 13.Re3 Qc7 14.h3 Rac8 15.Bg3 Qc6
16.Qb3 g5 17.Qb5 Kg7 18.Qxc6 Rxc6 19.Nd2 Rfc8 20.Ne4 Nxe4 21.Bxe4 d5 22.cxd5
Rxc3 23.dxe6 Rxe3 24.Bxb7 Rec3 25.Bxc8 Rxc8 26.exd7 Rd8 27.Rc1 Rxd7 28.Rc7
Rxc7 29.Bxc7 Kf6 30.Bb8 a6 31.Bc7 b5 32.Kf1 {#r} 1-0

[Event "It (open) (b)"]
[Site "masterchessopenings.com Vienna (Austria)"]
[Date "2003.08.18"]
[Round "3"]
[White "Pallitsch Clemens (AUT)"]
[Black "Lechner Josef (AUT)"]
[Result "1/2-1/2"]
[WhiteElo "1976"]
[BlackElo "2035"]

1.d4 Nf6 2.c4 e6 3.Nc3 Bb4 4.Nf3 O-O 5.e3 c5 6.Qc2 Nc6 7.dxc5 Bxc5 8.Be2 Nb4
9.Qd1 a5 10.O-O d5 11.b3 Re8 12.Bb2 b6 13.Na4 Bb7 14.Nxc5 bxc5 15.a3 Na6
16.Rc1 Rc8 17.Qc2 Nb8 {#d} 1/2-1/2

[Event "It (sheveningen)"]
[Site "masterchessopenings.com Budapest (Hungary)"]
[Round "0"]
[White "Hund Gerhard (GER)"]
[Black "Polyak Istvan (HUN)"]
[Result "1-0"]
[WhiteElo "2141"]
[BlackElo "2085"]

1.c4 Nf6 2.Nc3 e6 3.d4 Bb4 4.Nf3 c5 5.e3 O-O 6.Bd2 Bxc3 7.Bxc3 Ne4 8.Qc2 Nxc3
9.Qxc3 cxd4 10.exd4 d5 11.Be2 b6 12.O-O Ba6 13.Rfe1 dxc4 14.Ne5 Nd7 15.Nc6 Qg5
16.Bf3 Bb5 17.Ne5 Rad8 18.a4 Ba6 19.Nc6 Rc8 20.h4 Qxh4 21.Nb4 e5 22.dxe5 Nc5
23.Nxa6 Nxa6 24.Bb7 Nc5 25.Bxc8 Rxc8 26.Re3 Rd8 27.g3 Qg4 28.Kg2 h6 29.Rc1
Nxa4 30.Qb4 Nc5 31.Rxc4 Qe6 32.Rd4 Rc8 33.Qd2 Qe7 34.b4 Ne6 35.Rd7 Qg5 36.Re2
Qh5 37.f3 g6 38.Rxf7 Ng5 39.Qd7 {#r} 1-0

[Event "Izt (w)"]
[Site "masterchessopenings.com Menorca (Spain)"]
[Round "0"]
[White "Aronson Eva (USA)"]
[Black "Zatulovskaya Tatiana (ISR)"]
[Result "0-1"]
[WhiteElo "2050"]
[BlackElo "2027"]

1.d4 Nf6 2.c4 e6 3.Nc3 Bb4 4.e3 c5 5.Nf3 O-O 6.Bd3 Nc6 7.O-O Bxc3 8.bxc3 d6
9.e4 e5 10.d5 Ne7 11.Bg5 Ng6 12.Bc2 h6 13.Bd2 Nh7 14.Ne1 Qh4 15.f3 f5 16.Qb1
f4 17.Nd3 Qe7 18.Be1 Nh8 19.Qd1 g5 20.Nf2 h5 21.h3 Nf6 22.Bd3 Nf7 23.Be2 Nh6
24.a4 Kh7 25.Ra2 Rg8 26.Rc2 Bd7 27.Rb2 b6 28.Ra2 Rg7 29.Kh2 g4 30.fxg4 hxg4
31.Nxg4 Nfxg4+ 32.Bxg4 Nxg4+ 33.hxg4 Bxg4 34.Qd2 Rh8 35.Rh1 Kg6+ 36.Kg1 Rgh7
37.Rxh7 Qxh7 38.Kf2 Qh4+ 39.Kf1 Qh1+ {#R} 0-1

[Event "Memorial A.Petrov"]
[Site "masterchessopenings.com St. Petersburg (Russia)"]
[Round "9"]
[White "Neverov Valeriy (UKR)"]
[Black "Krogius Nikolai V (RUS)"]
[Result "1/2-1/2"]
[WhiteElo "2515"]
[BlackElo "2470"]

1.d4 Nf6 2.c4 e6 3.Nc3 Bb4 4.e3 c5 5.Nf3 O-O 6.Be2 Bxc3+ 7.bxc3 d6 8.O-O Nc6
9.Nd2 e5 10.Nb3 b6 11.f3 Ne7 12.e4 Ng6 13.Rf2 Be6 14.Be3 Qc8 15.Nd2 h6 16.g3
Bh3 17.Kh1 Re8 18.d5 Nh7 19.g4 Nf4 20.Qg1 Nf8 21.Qg3 N8g6 22.Bd1 Qd7 23.a4 a5
24.Nb3 Rab8 25.Nc1 h5 26.Rb2 Bf1 27.Bb3 Bh3 28.Bd1 Bf1 29.Bb3 Bh3 30.Bd1 {#d}
1/2-1/2

[Event "Memorial Asztalos"]
[Site "masterchessopenings.com Gyula (Hungary)"]
[Date "1965.08.14"]
[Round "5"]
[White "Gasztonyi Endre (HUN)"]
[Black "Kolarov Atanas S (BUL)"]
[Result "0-1"]
[WhiteElo "2295"]
[BlackElo "2415"]

1.d4 Nf6 2.c4 e6 3.Nc3 Bb4 4.e3 O-O 5.Nf3 c5 6.Bd2 Nc6 7.d5 Ne7 8.a3 Ba5 9.Qc2
exd5 10.Nxd5 Nexd5 11.cxd5 d6 12.b4 Bb6 13.Qb3 Bf5 14.Bd3 Qd7 15.O-O Rac8
16.Rfc1 Bxd3 17.Qxd3 Qg4 18.Rc4 Qg6 19.Qe2 Nxd5 20.Rac1 Rfe8 21.Nh4 Qe6 22.Qf3
g6 23.g4 Bd8 24.Ng2 b5 25.R4c2 c4 26.h3 Bf6 27.Rd1 Be5 28.Bc1 Nc3 29.Nf4 Bxf4
30.Rxc3 Be5 31.Rc2 Rc7 32.Rd5 a6 33.Qd1 Rc6 34.Qf3 Rec8 35.Qd1 c3 36.Qd3 Qe7
37.f4 Bg7 38.Kg2 h6 39.Kg3 Bf8 40.Rd4 Qc7 41.Rd5 Rc4 42.h4 Qe7 43.h5 Qe4
44.Qxe4 Rxe4 45.Kf3 Rec4 46.Ke2 R8c6 47.Kd3 Bg7 48.e4 Kf8 49.Be3 Ke7 50.f5
gxh5 51.gxh5 Rc8 52.Bf4 R4c6 53.f6+ Bxf6 54.Bxh6 Be5 55.Be3 Rg8 56.h6 Ke6
57.Rf2 Rg3 58.h7 Rh3 59.Kc2 Rxh7 60.Bd4 Rh4 61.Bxe5 dxe5 62.Rd3 Rxe4 63.Rdf3
f5 64.Rh2 f4 {#R} 0-1

[Event "Memorial Asztalos"]
[Site "masterchessopenings.com Gyula (Hungary)"]
[Date "1965.08.21"]
[Round "11"]
[White "Borisenko Georgy K (UZB)"]
[Black "Kluger Gyula (HUN)"]
[Result "1/2-1/2"]
[WhiteElo "2354"]
[BlackElo "2250"]

1.d4 Nf6 2.c4 e6 3.Nc3 Bb4 4.Nf3 c5 5.e3 O-O 6.Bd3 b6 7.O-O Bb7 8.Na4 cxd4
9.exd4 Bxf3 10.Qxf3 Nc6 11.Be3 d5 12.Rac1 e5 13.cxd5 Nxd4 14.Bxd4 exd4 15.Rc4
Bd6 16.Rxd4 Be5 17.Rh4 g5 18.Rxh7 Nxh7 19.Qf5 Re8 20.Qxh7+ Kf8 21.Bb5 Qxd5
22.Bxe8 Rxe8 23.Qb1 Qc4 24.b3 Qe2 25.Qd1 Qxd1 26.Rxd1 Rc8 27.g3 Rc2 28.Rd7
Rxa2 29.Rxa7 Bd4 30.Rb7 Bxf2+ 31.Kh1 g4 32.Nxb6 Bd4 33.h3 gxh3 34.Nd5 Rg2
35.Rb8+ Kg7 36.Rb4 Be5 37.Rg4+ Kf8 38.Ne3 Re2 39.Nc4 Bc7 40.b4 Rg2 41.b5 Rxg3
42.Rxg3 {#d} 1/2-1/2

[Event "Memorial Asztalos"]
[Site "masterchessopenings.com Szombathely (Hungary)"]
[Round "6"]
[White "Csom Istvan (HUN)"]
[Black "Dely Peter (HUN)"]
[Result "0-1"]
[WhiteElo "2426"]
[BlackElo "2391"]

1.d4 Nf6 2.c4 e6 3.Nc3 Bb4 4.e3 O-O 5.Nf3 c5 6.d5 Ne4 7.Qc2 Qf6 8.Bd2 Bxc3
9.Bxc3 Nxc3 10.bxc3 d6 11.Bd3 Qh6 12.Rb1 Nd7 13.O-O e5 14.Nd2 Nf6 15.Bf5 Bxf5
16.Qxf5 b6 17.Rb5 Rae8 18.Re1 g5 19.g4 e4 20.h4 Re5 21.hxg5 Qxg5 22.Qxg5+ Rxg5
23.a4 Rxg4+ 24.Kh1 Nd7 {#R} 0-1

[Event "Memorial Czerniak (cat.8)"]
[Site "masterchessopenings.com Tel Aviv (Israel)"]
[Date "2011.05.23"]
[Round "1"]
[White "Manolache Marius (ROM)"]
[Black "Zoler Dan (ISR)"]
[Result "0-1"]
[WhiteElo "2535"]
[BlackElo "2541"]

1.d4 Nf6 2.c4 e6 3.Nf3 Bb4+ 4.Nc3 O-O 5.e3 c5 6.Bd3 Nc6 7.Qc2 d5 8.dxc5 Bxc5
9.a3 dxc4 10.Bxc4 Bd7 11.O-O Rc8 12.Rd1 Qc7 13.b4 Be7 14.Bb2 Nxb4 15.axb4 Qxc4
16.Rd4 Qc7 17.Rh4 h6 18.Rxa7 Rfd8 19.Qb1 Nh7 20.Rg4 Bf6 21.Ra3 Bc6 22.Rc4 Qd7
23.Nd4 Bd5 24.Rxc8 Rxc8 25.Nxd5 Qxd5 26.Rd3 Rd8 27.Rd2 Ng5 28.f4 Ne4 29.Rc2 e5
30.fxe5 Bxe5 31.Qf1 Qd6 32.Nf3 Bxb2 33.Rxb2 Qd3 34.Re2 Qb3 35.Nd4 Qxb4 36.Qe1
Qxe1+ 37.Rxe1 g6 38.Rb1 Rd7 39.Rb6 h5 40.Kf1 Kf8 41.Ke2 Ke7 42.Kf3 Nd6 43.Rb4
Rc7 44.Rb3 Rc5 45.h4 Kd7 46.Kf4 Rc1 47.Ke5 Ke7 48.Kd5 Ra1 49.Nf3 Ra5+ 50.Kd4
f6 51.e4 Ra2 52.Kd5 Rxg2 53.e5 fxe5 54.Kxe5 Ra2 55.Kf4 Ra4+ 56.Ke5 Ra5+ 57.Kd4
Ke6 58.Ke3 Ra4 59.Rb6 Kd5 60.Rb1 Nf5+ 61.Ke2 Nxh4 62.Nxh4 Rxh4 63.Rb6 Rg4
64.Kf3 Ke5 65.Rxb7 Kf6 66.Ra7 Rb4 67.Ra6+ Kg5 {#R} 0-1

[Event "Memorial E.Bykova (w)"]
[Site "masterchessopenings.com Vladimir (Russia)"]
[Date "2008.12.17"]
[Round "7"]
[White "Baraeva Irina (RUS)"]
[Black "Nikanova Ekaterina (BLR)"]
[Result "0-1"]
[WhiteElo "2025"]
[BlackElo "2028"]

1.d4 Nf6 2.c4 e6 3.Nf3 Bb4+ 4.Nc3 c5 5.e3 O-O 6.Be2 Bxc3+ 7.bxc3 d6 8.O-O Qc7
9.Bb2 Nc6 10.Qc2 e5 11.Rfd1 Bg4 12.h3 Bh5 13.Nh4 Bxe2 14.Qxe2 Ne7 15.Rac1 e4
16.g3 Nd7 17.Ng2 f5 18.Nf4 Rf6 19.Rd2 g5 20.Ng2 Raf8 21.f4 exf3 22.Qxf3 Nb6
23.Qe2 Nc6 24.Rdc2 Na5 25.Qh5 Qg7 26.Rf1 Naxc4 27.Bc1 Rh6 28.Qf3 Rxh3 29.Re2
Qh6 30.Kf2 Rh1 31.Rxh1 Qxh1 32.Re1 Qh2 33.Qxb7 Rf7 34.Qf3 g4 35.Qf4 h6 36.d5
Ne5 37.Rd1 c4 38.Rd2 Nbd7 39.Ba3 Rf6 40.Rd1 Nd3+ 41.Rxd3 cxd3 42.Qd4 Ne5 43.c4
Nf3 44.Qxd3 Qg1+ 45.Ke2 Qxg2+ 46.Kd1 Qxg3 {#R} 0-1

[Event "Memorial Hodzhaev"]
[Site "masterchessopenings.com Tashkent (Uzbekistan)"]
[Round "0"]
[White "Borisenko Georgy K (UZB)"]
[Black "Platonov Igor V (RUS)"]
[Result "0-1"]
[WhiteElo "2354"]
[BlackElo "2430"]

1.d4 Nf6 2.c4 e6 3.Nc3 Bb4 4.Nf3 c5 5.e3 O-O 6.Bd3 d5 7.O-O cxd4 8.exd4 b6
9.cxd5 Bxc3 10.bxc3 Qxd5 11.Ba3 Re8 12.c4 Qd8 13.Re1 Bb7 14.Bc2 Qc7 15.d5 Nbd7
16.dxe6 Rxe6 17.Rxe6 fxe6 18.Bd6 Qxc4 19.Bb3 Qe4 20.Qf1 Bd5 21.Re1 Qg6 22.Bxd5
exd5 23.Ne5 Nxe5 24.Bxe5 Re8 25.Qb5 Qc2 26.h3 Qxa2 27.Ra1 Qc4 28.Qb2 d4 29.Rc1
Qe6 30.Bxd4 Re7 31.Rc3 Qd6 32.Rg3 Re1+ 33.Kh2 Nh5 34.Qb3+ Re6 {#R} 0-1

[Event "Memorial I.Ermolaev (open)"]
[Site "masterchessopenings.com Irkutsk (Russia)"]
[Date "2009.07.10"]
[Round "7"]
[White "Burdyko Alexander (RUS)"]
[Black "Besedin Anatoly (RUS)"]
[Result "0-1"]
[WhiteElo "2125"]
[BlackElo "2097"]

1.d4 Nf6 2.c4 e6 3.Nc3 Bb4 4.e3 c5 5.Nf3 O-O 6.Bd3 Bxc3+ 7.bxc3 d6 8.O-O Nc6
9.d5 Na5 10.e4 h6 11.h3 b6 12.Bf4 Ba6 13.Qe2 Re8 14.Nd2 exd5 15.cxd5 c4 16.Bc2
Nxd5 17.Bg3 Nxc3 18.Qe3 Nd5 19.Qa3 Nf6 20.Rfd1 d5 21.exd5 Nxd5 22.Ne4 Qe7
23.Nd6 Nf6 24.Qc3 Red8 25.Re1 Qf8 26.Rad1 Nh5 27.Bh2 Nb7 28.Ne4 f5 29.Nd2 Nd6
30.Qe5 Qf7 31.Nf3 Ne4 32.g4 Rxd1 33.Rxd1 Re8 34.Qd4 Nhf6 35.Ne5 Qe6 36.f3 Ng5
37.Kg2 fxg4 38.hxg4 Bb7 39.Bg6 Nxf3 40.Nxf3 Qe2+ 41.Kg3 Qxf3+ 42.Kh4 Be4
43.Qxc4+ Kh8 44.Qxe4 Rxe4 45.Rd8+ Re8 46.Rxe8+ Nxe8 47.Bxe8 Qe2 {#R} 0-1

[Event "Memorial I.Kurass (open)"]
[Site "masterchessopenings.com Kiev (Ukraine)"]
[Date "2006.06.25"]
[Round "9"]
[White "Brozhik Vasilij (UKR)"]
[Black "Chistiakov Anatolij (UKR)"]
[Result "0-1"]
[WhiteElo "2172"]
[BlackElo "1901"]

1.d4 Nf6 2.c4 e6 3.Nf3 Bb4+ 4.Nc3 c5 5.e3 O-O 6.Be2 cxd4 7.exd4 d5 8.O-O h6
9.Bd3 Bxc3 10.bxc3 Nc6 11.a4 b6 12.Ba3 Re8 13.Bc2 Qc7 14.Ne5 Nxe5 15.dxe5 Qxe5
16.Qd3 Bb7 {#R} 0-1

[Event "Memorial M.Chigorin"]
[Site "masterchessopenings.com Sochi (Russia)"]
[Round "14"]
[White "Korchnoi Viktor (SUI)"]
[Black "Antoshin Vladimir S (RUS)"]
[Result "1-0"]
[WhiteElo "2556"]
[BlackElo "2250"]

1.d4 Nf6 2.c4 e6 3.Nc3 Bb4 4.Nf3 c5 5.e3 O-O 6.Bd3 b6 7.O-O Bb7 8.Na4 Qe7 9.a3
Ba5 10.Rb1 Ne4 11.Ne1 d5 12.f3 Nf6 13.dxc5 Bxe1 14.Rxe1 bxc5 15.cxd5 exd5
16.b4 c4 17.Bc2 Nc6 18.Bb2 Rad8 19.b5 Nb8 20.Qd4 a6 21.Qh4 h6 22.bxa6 Bxa6
23.Bxf6 Qxf6 24.Qxf6 gxf6 25.Rb6 c3 26.Bf5 Bc8 27.Rxb8 Bxf5 28.Rxd8 Rxd8
29.Nxc3 d4 30.exd4 Rxd4 31.Rd1 Rc4 32.Nd5 Kg7 33.Ne3 Rc5 34.Nxf5+ Rxf5 35.a4
Ra5 36.Ra1 Kg6 37.Kf2 Kf5 38.Ke3 Ke5 39.Kd3 Kd5 40.Kc3 Kc5 41.Kb3 Kb6 42.Rd1
Rg5 43.g3 Kc5 44.a5 Rf5 45.Ra1 Rxf3+ 46.Kc2 Kc4 47.Ra4+ Kb5 48.a6 Kxa4 49.a7
Rf2+ 50.Kd3 Rxh2 51.a8=Q+ Kb5 52.Qb7+ Kc5 53.Qxf7 Kd6 54.Qxf6+ Kd7 55.g4 Rh3+
56.Ke2 Rh2+ 57.Kf3 {#r} 1-0

[Event "Memorial M.Najdorf (open)"]
[Site "masterchessopenings.com Buenos Aires (Argentina)"]
[Round "8"]
[White "Jarmoluk Jorge E (ARG)"]
[Black "Maidanik Armando (ARG)"]
[Result "1/2-1/2"]
[WhiteElo "2115"]
[BlackElo "2007"]

1.d4 Nf6 2.c4 e6 3.Nc3 Bb4 4.Nf3 O-O 5.e3 c5 6.Bd3 d6 7.O-O Bxc3 8.bxc3 Nbd7
9.e4 e5 10.Bg5 Re8 11.Qc2 h6 12.Bd2 Nf8 13.h3 Ng6 14.Rfe1 Nh5 15.Bf1 Bd7
16.Kh2 Qf6 17.d5 Nhf4 18.Ng1 Kh7 19.a4 b6 20.Be3 Nf8 21.g3 Nh5 22.Be2 g6
23.Reb1 Rab8 24.Rb2 Rb7 25.a5 Ng7 26.Rab1 Reb8 27.Nf3 g5 28.Kg2 Qe7 29.Nh2 Ng6
30.a6 Rc7 31.Bg4 Qf8 32.Bxd7 Rxd7 33.g4 Qe7 34.Nf3 Rc7 35.Kg3 Qd7 36.h4 h5
37.Nxg5+ Kg8 38.f3 Qe7 39.Rf1 Qf6 40.Qd2 hxg4 41.Kxg4 Nh5 42.Kh3 Kg7 43.Rg1
Rh8 44.Rg4 Nhf4+ 45.Bxf4 Nxf4+ 46.Kg3 Kf8 {#d} 1/2-1/2

[Event "Memorial V.Ciocaltea (cat.9)"]
[Site "masterchessopenings.com Bucharest (Romania)"]
[Round "3"]
[White "Manolache Marius (ROM)"]
[Black "Iordachescu Viorel (MDA)"]
[Result "0-1"]
[WhiteElo "2463"]
[BlackElo "2632"]

{ Manolache Marius (ROM) +2 =1 -0 Iordachescu Viorel (MDA) +1 =0 -1 } 1.Nf3 {
1 } 1...Nf6 2.c4 e6 3.Nc3 Bb4 4.d4 c5 5.e3 O-O 6.Bd3 b6 7.O-O Bb7 8.Na4 cxd4
9.exd4 Re8 ( 9...d5 10.c5 bxc5 11.a3 c4 12.Bxh7+ Nxh7 13.axb4 Bc6 14.Nc5 Bb5
15.Ne5 c3 16.Re1 cxb2 17.Bxb2 Nc6 18.Ra3 a5 19.bxa5 Nxa5 20.Rh3 Ng5 21.Rg3 f6
22.Bc1 fxe5 23.Bxg5 Qe8 { 1-0, Korchnoi Viktor 2620 - Iordachescu Viorel 2594
, Calcutta 2000 It (open) } ) 10.a3 Bf8 { = } 11.Nc3 ( 11.b4 d6 12.Re1 Nbd7
13.Bb2 Rc8 14.Nc3 e5 15.dxe5 dxe5 16.Ne4 Bxe4 17.Bxe4 Qc7 18.Rc1 Nxe4 19.Rxe4
Qc6 20.Re3 f6 21.Rd3 Nb8 22.Rd5 Qe6 23.h3 Nc6 24.Qa4 a5 25.Rb5 e4 26.Nd4 Nxd4
27.Bxd4 Rxc4 28.Rxc4 Qxc4 29.Be3 Re6 30.Rxb6 Rxb6 { ...1/2-1/2, Jussupow Artur
2665 - Korchnoi Viktor 2635 , Vienna 1996 It (cat.18) } ) 11...d6 12.Re1 (
12.Bg5 Nbd7 13.Re1 Rc8 14.Rc1 h6 15.Bh4 a6 16.Nd2 Qc7 17.Nf1 Qb8 18.Ne3 g6
19.Bc2 Bg7 20.Ba4 Qc7 21.d5 e5 22.Bxf6 Bxf6 23.h4 h5 24.g4 Bxh4 25.gxh5 Nf6
26.Bxe8 Rxe8 27.hxg6 Bc8 28.Ng2 Bg5 29.f4 Qc5+ 30.Kf1 Ng4 31.Qxg4 Bxg4 {
...0-1, Babula Vlastimil 2575 - Seul Georg 2445 , Germany 1998 Bundesliga
1998/99 } ) 12...Nbd7 13.b4 ( 13.Bg5 h6 14.Bh4 Rc8 15.Rc1 a6 16.b4 Rc7 17.Bf1
Qa8 18.Nd2 g6 19.Nb3 Rec8 20.Qd2 Bg7 21.f3 e5 22.d5 Kh7 23.Bf2 h5 24.Ne4 Qb8
25.Kh1 Bh6 26.Ng5+ Kg7 27.Be3 Ng8 28.h4 Ba8 29.a4 Ndf6 30.Qf2 Nd7 31.Rb1 Ne7
32.Bd3 Nf5 { ...1/2-1/2, Petersen Finn 2275 - Portisch Lajos 2630 , Halle 1967
Zt } ) ( 13.d5 e5 14.Bf1 g6 15.b4 Nh5 16.Qb3 Ng7 17.Be3 Nf5 18.Bd2 Be7 19.Ne4
Nf6 20.a4 Nxe4 21.Rxe4 Qc7 22.a5 Rad8 23.Qa4 Ng7 24.Ree1 Rb8 25.Be3 Rf8 26.Qb5
Bc8 27.axb6 axb6 28.Qc6 Qb7 29.Qxb7 Rxb7 30.Ra6 Bd8 31.c5 bxc5 32.bxc5 Nf5 {
...1/2-1/2, Azmaiparashvili Zurab 2470 - Lerner Konstantin Z 2550 , Kuibyshev
1986 Ch URS (1 liga) } ) 13...a6 { } ( 13...Rc8 14.Bf4 e5 15.dxe5 Bxf3 16.Qxf3
Nxe5 17.Bxe5 dxe5 18.Rad1 Qc7 { 1/2-1/2, Smejkal Jan 2540 - Ftacnik Lubomir
2555 , Szirak 1986 } ) 14.h3 { N } ( 14.Nd2 d5 15.c5 bxc5 16.dxc5 e5 17.Nb3 d4
18.Ne4 Nxe4 19.Bxe4 Bxe4 20.Rxe4 a5 21.Bb2 Qb8 22.Rb1 axb4 23.axb4 Nf6 24.Rh4
Qxb4 25.c6 Qb6 26.Rc1 Rac8 27.f4 d3+ 28.Kf1 Ne4 29.Qf3 exf4 30.Bd4 Qxb3 31.Qh5
h6 { 0-1, Barbero Gerardo F 2455 - Csom Istvan 2465 , Lucerne 1985 Ch World
(team) } ) 14...Rc8 15.Bb2 g6 16.d5 e5 17.Nd2 Nh5 18.g3 Ng7 19.h4 f5 20.Bf1
Be7 21.c5 { ?! } ( 21.Rc1 { !? } 21...Bf6 22.Ne2 a5 23.Rb1 { } ) 21...bxc5
22.b5 { ?! } ( 22.Nc4 { !? } 22...Qc7 23.Na5 Rf8 24.Qa4 { } ) 22...c4 { ?! } (
22...axb5 { !? } 23.Bxb5 Rf8 24.Nc4 f4 { } ) 23.Nxc4 Nc5 { ?! } ( 23...axb5 {
!? } 24.Nxb5 Nb6 25.Nxb6 Qxb6 { } ) 24.a4 Nh5 25.a5 f4 26.g4 Ng7 27.Nb6 Rc7
28.bxa6 Bxa6 29.Bxa6 Nxa6 30.Ne4 Nc5 31.Nc4 Nxe4 32.Rxe4 Bxh4 33.Qf3 Rf8
34.Ba3 { ! } ( 34.Nxd6 { ? } 34...Rc2 35.Re2 Rxe2 36.Qxe2 { } ) 34...Be7 35.a6
{ ?! } ( 35.Rc1 { !? } 35...Ne8 36.Re2 Ra7 37.Rb2 { } ) 35...Ra7 36.Bb4 Qd7
37.Qe2 Ne8 38.Na5 { ? } ( { ? } 38.Nb6 Qd8 39.Ba5 f3 40.Qf1 { } ) 38...Nf6 {
?! } ( 38...f3 { !? } 39.Qc4 Nf6 40.Rxe5 dxe5 { } ) 39.Nc6 Nxe4 40.Qxe4 Raa8
41.f3 Bd8 42.Be1 Bb6+ 43.Kg2 Rf7 44.Rb1 Qc7 { ?! } ( 44...Rxa6 { !? } 45.Qe2
Qb7 46.Nd8 Qa7 { } ) 45.Qc4 h5 { ?! } ( 45...Kg7 { !? } 46.Bb4 Rd7 47.Bc3 h5 {
} ) 46.g5 { ? } ( { ? } 46.Qb5 hxg4 47.Qxb6 gxf3+ 48.Kxf3 { } ) 46...h4 { ?! }
( 46...Kg7 { !? } 47.Qd3 h4 48.Bxh4 Rh8 { } ) 47.Qb5 h3+ 48.Kh2 Bc5 49.Qb7 Re8
{ ?! } ( 49...Raf8 { !? } 50.Qxc7 Rxc7 51.Bb4 Bxb4 { } ) 50.Kxh3 Qc8+ 51.Qxc8
Rxc8 52.Rc1 { ? } ( { ? } 52.Bb4 Bxb4 53.Rxb4 Ra8 54.a7 { } ) 52...Ra8 53.Ra1
{ ?! } ( 53.a7 { !? } 53...Rh7+ 54.Kg2 Rb7 55.Ra1 { } ) 53...Rh7+ 54.Kg2 Rh5
55.Bf2 Rxg5+ 56.Kf1 Bxf2 57.Kxf2 Rh5 58.Kg2 Rh7 59.a7 Rb7 60.Kh3 Kg7 61.Kg4
Kf6 62.Ra6 Rb1 63.Nb8 Rg1+ 64.Kh3 Kf5 65.Kh2 Rg3 66.Rxd6 Rxa7 67.Nd7 Ra2+
68.Kh1 Rxf3 69.Rf6+ Ke4 70.Rxg6 Rf1+ 71.Rg1 Rxg1+ 72.Kxg1 { } {#R} 0-1

[Event "Moravian League 1997/98"]
[Site "masterchessopenings.com Czech Republic"]
[Round "4"]
[White "Frolik Martin (CZE)"]
[Black "Saljova Silvie (CZE)"]
[Result "0-1"]
[WhiteElo "2285"]
[BlackElo "2142"]

1.d4 Nf6 2.c4 e6 3.Nc3 Bb4 4.e3 c5 5.Nf3 O-O 6.Bd3 Nc6 7.O-O Bxc3 8.bxc3 d6
9.Qc2 e5 10.Bf5 Bxf5 11.Qxf5 Re8 12.Qb1 Qc7 13.d5 Na5 14.Nd2 e4 15.a4 Qe7
16.Ba3 b6 17.Qc2 Qe5 18.g3 Ng4 19.Kg2 Qf5 20.Bc1 Qxf2+ 21.Rxf2 Nxe3+ 22.Kg1
Nxc2 23.Ra2 e3 24.Rxc2 exf2+ 25.Kxf2 Re7 {#R} 0-1

[Event "Moravian League 2002/03 (2nd) (c)"]
[Site "masterchessopenings.com Czech Republic"]
[Round "11"]
[White "Horak Jaroslav (CZE)"]
[Black "Musil Vitezslav (CZE)"]
[Result "0-1"]
[WhiteElo "1604"]
[BlackElo "2118"]

1.d4 Nf6 2.Nf3 e6 3.c4 Bb4+ 4.Nc3 c5 5.e3 O-O 6.a3 Bxc3+ 7.bxc3 Nc6 8.Bd3 d6
9.e4 e5 10.d5 Ne7 11.Nh4 Bd7 12.O-O a6 13.f4 Ng6 14.Nxg6 fxg6 15.fxe5 dxe5
16.Bg5 Qa5 17.Qd2 b5 18.Rfe1 Rf7 19.h3 Ne8 20.Qb2 Nd6 21.cxb5 axb5 22.Rf1 c4
23.Rxf7 Nxf7 24.Be7 cxd3 25.Qd2 Qa7+ 26.Kh2 Bg4 27.Bb4 Be2 28.Rc1 Qd7 29.Qe3
g5 30.c4 bxc4 31.Rxc4 g4 32.hxg4 Nh6 {#R} 0-1

[Event "OSW 1998/99"]
[Site "masterchessopenings.com Germany"]
[Round "3"]
[White "Schmidt Rainer (GER)"]
[Black "Lambert Andreas (GER)"]
[Result "1/2-1/2"]
[WhiteElo "2177"]
[BlackElo "2204"]

1.d4 Nf6 2.c4 e6 3.Nc3 Bb4 4.e3 c5 5.Nf3 O-O 6.Bd3 Nc6 7.O-O Bxc3 8.bxc3 d6
9.Nd2 e5 10.d5 Ne7 11.Qc2 Ng6 12.Rb1 Qe7 13.f4 Ng4 14.Nf3 f5 15.Ng5 exf4
16.exf4 Ne3 17.Bxe3 Qxe3+ 18.Rf2 Nxf4 19.Bf1 Nxd5 20.Nxh7 Nxc3 21.Nxf8 Nxb1
22.Qxb1 Kxf8 23.g4 Kg8 24.gxf5 Qg5+ 25.Bg2 Bd7 26.Qxb7 Re8 27.Qxd7 Re1+ 28.Rf1
Qe3+ 29.Kh1 Rxf1+ 30.Bxf1 Qf3+ 31.Kg1 Qe3+ 32.Kh1 Qf3+ 33.Kg1 Qe3+ 34.Kg2 Qe4+
35.Kf2 Qf4+ 36.Ke1 Qc1+ 37.Kf2 Qf4+ 38.Ke1 Qc1+ 39.Kf2 Qf4+ {#d} 1/2-1/2

[Event "Oberliga Baden 1987/88"]
[Site "masterchessopenings.com Baden-Wuerttemberg (Germany)"]
[Round "0"]
[White "Trefzer Erhard (GER)"]
[Black "Boehm Gerhard (AUT)"]
[Result "1/2-1/2"]
[WhiteElo "2054"]
[BlackElo "2036"]

1.d4 Nf6 2.c4 e6 3.Nc3 Bb4 4.Nf3 c5 5.e3 O-O 6.Bd3 Nc6 7.O-O Bxc3 8.bxc3 d6
9.d5 Ne7 10.e4 Ng6 11.h3 e5 12.Nh2 Bd7 13.f4 exf4 14.Bxf4 Nxf4 15.Rxf4 Qe7
16.Qd2 Nh5 17.Rf2 Rae8 18.g4 Ng3 19.Qf4 Qe5 20.Rb1 b6 21.Qxe5 Rxe5 22.Nf3 Re7
23.Nd2 h5 24.Kg2 h4 25.Rf4 f6 26.Rf3 Rfe8 27.Rf4 Rf8 {#d} 1/2-1/2

[Event "Olympiad"]
[Site "masterchessopenings.com Bled (Slovenia)"]
[Round "13"]
[White "Vaisser Anatoly (FRA)"]
[Black "Zagorskis Darius (LTU)"]
[Result "0-1"]
[WhiteElo "2563"]
[BlackElo "2487"]

1.d4 Nf6 2.c4 e6 3.Nc3 Bb4 4.e3 O-O 5.Nf3 c5 6.Be2 Nc6 7.O-O Bxc3 8.bxc3 d6
9.Nd2 e5 10.Nb3 b6 11.a4 e4 12.f4 exf3 13.Bxf3 Qc7 14.Qe1 Ba6 15.Nd2 Rae8
16.Qh4 Na5 17.e4 cxd4 18.cxd4 Nxc4 19.Nxc4 Qxc4 20.Bb2 Qb4 21.Rf2 Bd3 22.d5
Nxe4 23.h3 f6 24.Bxe4 Rxe4 25.Qg3 Re1+ 26.Kh2 Rxa1 27.Bxa1 Bg6 28.Rf4 Qc5
29.Qf3 Qc2 30.Bc3 Qd3 31.Bb4 Qxf3 32.Rxf3 Be4 33.Re3 f5 34.g4 g6 35.gxf5 gxf5
36.Bxd6 Rd8 37.Rg3+ Kf7 38.Bf4 Rxd5 39.Rc3 Rd7 40.Rc8 Ke6 41.Kg3 Rd3+ 42.Kh4
Ra3 43.Rc7 Rxa4 44.Rxh7 b5 45.Kg5 b4 46.Rh6+ Kd5 47.Rd6+ Kc4 48.h4 Ra1 49.Be5
Rg1+ 50.Kf6 a5 51.Ra6 f4 52.Rxa5 f3 53.Ra2 Rg2 54.Ra1 f2 {#R} 0-1